<?xml version="1.0" encoding="UTF-8"?>
<record
    xmlns:xsi="http://www.w3.org/2001/XMLSchema-instance"
    xsi:schemaLocation="http://www.loc.gov/MARC21/slim http://www.loc.gov/standards/marcxml/schema/MARC21slim.xsd"
    xmlns="http://www.loc.gov/MARC21/slim">

  <leader>01896nam a2200337 b 4500</leader>
  <controlfield tag="003">3228</controlfield>
  <controlfield tag="005">20231116123659.0</controlfield>
  <controlfield tag="008">2023  s2023    nyu      b    001 0 eng d</controlfield>
  <datafield tag="010" ind1=" " ind2=" ">
    <subfield code="a">2009016724</subfield>
  </datafield>
  <datafield tag="020" ind1=" " ind2=" ">
    <subfield code="a">9781868145119 </subfield>
  </datafield>
  <datafield tag="040" ind1=" " ind2=" ">
    <subfield code="a">rda</subfield>
    <subfield code="b">eng</subfield>
    <subfield code="c">3228</subfield>
  </datafield>
  <datafield tag="082" ind1=" " ind2=" ">
    <subfield code="a">362.1969792 DICK</subfield>
  </datafield>
  <datafield tag="100" ind1="1" ind2=" ">
    <subfield code="a">Dickinson, David,</subfield>
    <subfield code="d">1963-</subfield>
    <subfield code="9">184684</subfield>
  </datafield>
  <datafield tag="245" ind1="1" ind2="0">
    <subfield code="a">Changing the course of AIDS :</subfield>
    <subfield code="b">peer education in South Africa and its lessons for the global crisis /</subfield>
    <subfield code="c">David Dickinson ; foreword by Charles Deutsch.</subfield>
  </datafield>
  <datafield tag="260" ind1=" " ind2=" ">
    <subfield code="a">Ithaca :</subfield>
    <subfield code="b">ILR Press,</subfield>
    <subfield code="c">2009.</subfield>
  </datafield>
  <datafield tag="300" ind1=" " ind2=" ">
    <subfield code="a">xiii, 252 pages ;</subfield>
    <subfield code="c">24 cm.</subfield>
  </datafield>
  <datafield tag="490" ind1="1" ind2=" ">
    <subfield code="a">The culture and politics of health care work.</subfield>
  </datafield>
  <datafield tag="500" ind1=" " ind2=" ">
    <subfield code="a">Copies bd604001, bd609448 &amp; bd610055-6  Published; Johannesburg : Wits University Press, 2010.</subfield>
  </datafield>
  <datafield tag="504" ind1=" " ind2=" ">
    <subfield code="a">Includes bibliographical references and index.</subfield>
  </datafield>
  <datafield tag="505" ind1="0" ind2=" ">
    <subfield code="a">"Empowered with information I have influenced a lot of people" : the quest for behavioral change -- "People are dying, but they don't listen when we tell them" : the corporate response to HIV/AIDS in South Africa -- "For the love of people" : peer education as a response from below -- Backstage social divisions -- Slipping out of order -- To speak with one voice -- Social space, leadership, and action : peer education and behavioral change.</subfield>
  </datafield>
  <datafield tag="650" ind1=" " ind2="0">
    <subfield code="a">AIDS (Disease)</subfield>
    <subfield code="z">South Africa.</subfield>
    <subfield code="9">184685</subfield>
  </datafield>
  <datafield tag="650" ind1=" " ind2="0">
    <subfield code="a">Peer counseling</subfield>
    <subfield code="z">South Africa.</subfield>
    <subfield code="9">184686</subfield>
  </datafield>
  <datafield tag="650" ind1=" " ind2="0">
    <subfield code="a">Change (Psychology)</subfield>
    <subfield code="x">Health aspects</subfield>
    <subfield code="z">South Africa.</subfield>
    <subfield code="9">184687</subfield>
  </datafield>
  <datafield tag="650" ind1=" " ind2="0">
    <subfield code="a">Occupational health services</subfield>
    <subfield code="z">South Africa.</subfield>
    <subfield code="9">184688</subfield>
  </datafield>
  <datafield tag="650" ind1=" " ind2="0">
    <subfield code="a">Health education</subfield>
    <subfield code="z">South Africa.</subfield>
    <subfield code="9">184689</subfield>
  </datafield>
  <datafield tag="650" ind1="1" ind2="2">
    <subfield code="a">Acquired Immunodeficiency Syndrome</subfield>
    <subfield code="x">prevention &amp; control</subfield>
    <subfield code="z">South Africa.</subfield>
    <subfield code="9">184690</subfield>
  </datafield>
  <datafield tag="650" ind1="2" ind2="2">
    <subfield code="a">Health Education</subfield>
    <subfield code="z">South Africa.</subfield>
    <subfield code="9">184691</subfield>
  </datafield>
  <datafield tag="650" ind1="2" ind2="2">
    <subfield code="a">Occupational Health Services</subfield>
    <subfield code="z">South Africa.</subfield>
    <subfield code="9">184692</subfield>
  </datafield>
  <datafield tag="830" ind1=" " ind2="0">
    <subfield code="a">Culture and politics of health care work.</subfield>
    <subfield code="9">184693</subfield>
  </datafield>
  <datafield tag="942" ind1=" " ind2=" ">
    <subfield code="2">ddc</subfield>
    <subfield code="c">BOOK</subfield>
    <subfield code="w">169</subfield>
    <subfield code="x">Boniswa Ngcongolo</subfield>
    <subfield code="y">169</subfield>
    <subfield code="z">Boniswa Ngcongolo</subfield>
  </datafield>
  <datafield tag="999" ind1=" " ind2=" ">
    <subfield code="c">760601</subfield>
    <subfield code="d">760600</subfield>
  </datafield>
</record>
